Texans: oral histories from the lone star state (Record no. 35333)

MARC details
000 -LEADER
fixed length control field 00416nam a2200169Ia 4500
020 ## - INTERNATIONAL STANDARD BOOK NUMBER
ISBN 1- 55778- 038- 2
050 ## - CALL MARK
Classification number CT262.S87
100 ## - STATEMENT OF RESPONSIBILITY--MAIN AUTHOR NAME
Personal name Ron Strickland
245 #0 - TITLE STATEMENT
Title Texans: oral histories from the lone star state
260 ## - PUBLICATION, DISTRIBUTION, ETC. (IMPRINT)
Name of publisher Paragon house
260 ## - PUBLICATION, DISTRIBUTION, ETC. (IMPRINT)
Year of publication 1991
300 ## - PHYSICAL DESCRIPTION
Number of Pages 334 p
650 ## - SUBJECT ADDED ENTRY--TOPICAL TERM
Topical Term Texas- biography
942 ## - ADDED ENTRY ELEMENTS (KOHA)
Koha item type Books
Holdings
Withdrawn status Lost status Source of classification or shelving scheme Damaged status Not for loan Permanent Location Current Location Date acquired Accession Number Price effective from Koha item type
    Library of Congress Classification     NILE UNIVERSITY OF NIGERIA - MAIN LIBRARY NILE UNIVERSITY OF NIGERIA - MAIN LIBRARY 04/23/2025 0002199 04/23/2025 Books